[Event "2011 SB-1"]
[Site "LSS email"]
[Date "2011.08.11"]
[Round "?"]
[White "Anderson, Lawrence D"]
[Black "Kohler, Dennis R"]
[Result "1-0"]
[WhiteElo "1200"]
[BlackElo "1255"]
[PlyCount "49"]
[EventDate "2011.08.14"]
[EventType "tourn (corr)"]
[EventRounds "18"]
[EventCountry "GER"]
[SourceTitle "Telechess CBM 153"]
[Source "ChessBase"]
[SourceDate "2013.03.14"]
[SourceVersion "1"]
[SourceVersionDate "2013.03.14"]
[SourceQuality "1"]

1. e4 c6 2. d4 d6 3. Nc3 Nd7 4. Nf3 e6 5. Be3 Be7 6. Be2 h6 7. 0-0 Ngf6 8. e5 Nh7 9. Bd3 0-0 10. Ne4 d5 11. Nc3 c5 12. Bxh7+ Kxh7 13. Qd3+ Kg8 14. Nb5 b6 15. b3 a6 16. Nc3 Bb7 17. a4 f5 18. g3 cxd4 19. Nxd4 Qb8 20. Nxe6 Nxe5 21. Qe2 Ng4 22. Rad1 Nxe3 23. Qxe3 Bc5 24. Nxc5 bxc5 25. Qxc5 1-0

[Event "2011 SB-1"]
[Site "LSS email"]
[Date "2011.08.11"]
[Round "?"]
[White "Evans, Stanley W"]
[Black "Kohler, Dennis R"]
[Result "1-0"]
[WhiteElo "1140"]
[BlackElo "1255"]
[PlyCount "67"]
[EventDate "2011.08.14"]
[EventType "tourn (corr)"]
[EventRounds "18"]
[EventCountry "GER"]
[SourceTitle "Telechess CBM 153"]
[Source "ChessBase"]
[SourceDate "2013.03.14"]
[SourceVersion "1"]
[SourceVersionDate "2013.03.14"]
[SourceQuality "1"]

1. e4 e5 2. f4 a6 3. Nf3 d6 4. Nc3 Nc6 5. Be2 Be7 6. 0-0 Bg4 7. d3 h6 8. fxe5 Bxf3 9. Bxf3 Nxe5 10. Bh5 Nf6 11. Be2 c5 12. d4 cxd4 13. Qxd4 Qc7 14. Bf4 Ng6 15. Bg3 0-0 16. Bc4 Ne5 17. Bb3 Qc5 18. Qxc5 dxc5 19. Bxe5 Nd7 20. Bg3 Bf6 21. Nd1 Ne5 22. Bxe5 Bxe5 23. c3 Rac8 24. Ne3 g6 25. Nd5 Kh8 26. Ne3 Kg7 27. Rad1 Rc7 28. Ng4 c4 29. Bc2 Re7 30. Nxe5 f6 31. Nxc4 Re6 32. Rd7+ Rf7 33. Rfd1 Ree7 34. Rxe7 1-0

[Event "2011 SB-1"]
[Site "LSS email"]
[Date "2011.08.11"]
[Round "?"]
[White "Holmquist, Marson C"]
[Black "Kohler, Dennis R"]
[Result "1-0"]
[WhiteElo "546"]
[BlackElo "1255"]
[PlyCount "71"]
[EventDate "2011.08.14"]
[EventType "tourn (corr)"]
[EventRounds "18"]
[EventCountry "GER"]
[SourceTitle "Telechess CBM 153"]
[Source "ChessBase"]
[SourceDate "2013.03.14"]
[SourceVersion "1"]
[SourceVersionDate "2013.03.14"]
[SourceQuality "1"]

1. e4 c5 2. Nf3 Nc6 3. d4 cxd4 4. Nxd4 e5 5. Nxc6 bxc6 6. Bc4 Nf6 7. 0-0 Be7 8. Nc3 0-0 9. Be3 Bb7 10. Ne2 h6 11. Ng3 d5 12. exd5 cxd5 13. Bb3 d4 14. Bc1 Bc5 15. Nh5 Nxh5 16. Qxh5 Qf6 17. Kh1 Be4 18. f4 Qg6 19. Qxg6 Bxg6 20. fxe5 Rae8 21. Bf4 Kh7 22. Rae1 Bf5 23. Bxh6 gxh6 24. Rxf5 f6 25. h3 Kg6 26. g4 fxe5 27. Rxf8 Rxf8 28. Rxe5 Bb6 29. Rd5 Rd8 30. Re5 Rc8 31. h4 Rf8 32. Re6+ Kg7 33. Re7+ Kg6 34. Bc4 Rf2 35. Bd3+ Kf6 36. Rd7 1-0

[Event "2011 SB-1"]
[Site "LSS email"]
[Date "2011.08.11"]
[Round "?"]
[White "Kohler, Dennis R"]
[Black "Evans, Stanley W"]
[Result "0-1"]
[WhiteElo "1255"]
[BlackElo "1140"]
[PlyCount "66"]
[EventDate "2011.08.14"]
[EventType "tourn (corr)"]
[EventRounds "18"]
[EventCountry "GER"]
[SourceTitle "Telechess CBM 153"]
[Source "ChessBase"]
[SourceDate "2013.03.14"]
[SourceVersion "1"]
[SourceVersionDate "2013.03.14"]
[SourceQuality "1"]

1. e4 e5 2. Nf3 Nc6 3. d4 exd4 4. Nxd4 Nxd4 5. Qxd4 c5 6. Qd1 Qf6 7. Be2 Ne7 8. Nc3 g6 9. Bd2 Bg7 10. 0-0 0-0 11. Be3 b6 12. Bf3 Rb8 13. Rb1 Bb7 14. Qe2 Rfd8 15. Rfd1 Qe6 16. h3 d5 17. exd5 Nxd5 18. Nxd5 Bxd5 19. Bxd5 Rxd5 20. c3 Rbd8 21. Rxd5 Rxd5 22. Re1 Rd8 23. Rd1 Re8 24. Re1 f5 25. Kf1 Qxa2 26. Qd2 Qf7 27. Rd1 Bf6 28. Qc2 Be5 29. Bc1 Qc4+ 30. Qd3 Qxd3+ 31. Rxd3 Kf7 32. Rd7+ Re7 33. Rxe7+ Kxe7 0-1

[Event "2011 SB-1"]
[Site "LSS email"]
[Date "2011.08.11"]
[Round "?"]
[White "Kohler, Dennis R"]
[Black "Holmquist, Marson C"]
[Result "0-1"]
[WhiteElo "1255"]
[BlackElo "546"]
[PlyCount "68"]
[EventDate "2011.08.14"]
[EventType "tourn (corr)"]
[EventRounds "18"]
[EventCountry "GER"]
[SourceTitle "Telechess CBM 153"]
[Source "ChessBase"]
[SourceDate "2013.03.14"]
[SourceVersion "1"]
[SourceVersionDate "2013.03.14"]
[SourceQuality "1"]

1. e4 c5 2. Nc3 Nc6 3. Nf3 Nd4 4. Be2 Nxf3+ 5. Bxf3 e5 6. d3 Nf6 7. 0-0 Qc7 8. Nd5 Qc6 9. Bg5 Be7 10. Bxf6 Bxf6 11. Nxf6+ Qxf6 12. c4 d6 13. h3 Qg5 14. Bg4 0-0 15. Bxc8 Rfxc8 16. b3 a5 17. Qc1 Qxc1 18. Raxc1 a4 19. b4 cxb4 20. Rc2 b3 21. Rb2 bxa2 22. Rxa2 Ra5 23. Rb1 Rc7 24. Rb6 a3 25. Rb3 f6 26. Rb6 g5 27. Rxd6 Kg7 28. Rb6 h6 29. Rb3 Kf7 30. Raxa3 Ra6 31. Rxa6 Rd7 32. Rab6 Kg6 33. Rxb7 Rd6 34. R7b6 Rd7 0-1

[Event "2011 SB-1"]
[Site "LSS email"]
[Date "2011.08.11"]
[Round "?"]
[White "Kohler, Dennis R"]
[Black "Kappel, Ray D"]
[Result "0-1"]
[WhiteElo "1255"]
[BlackElo "1339"]
[PlyCount "62"]
[EventDate "2011.08.14"]
[EventType "tourn (corr)"]
[EventRounds "18"]
[EventCountry "GER"]
[SourceTitle "Telechess CBM 153"]
[Source "ChessBase"]
[SourceDate "2013.03.14"]
[SourceVersion "1"]
[SourceVersionDate "2013.03.14"]
[SourceQuality "1"]

1. e4 c5 2. Nc3 d6 3. Be2 Nf6 4. Nf3 g6 5. d4 cxd4 6. Nxd4 Bg7 7. h3 0-0 8. 0-0 Nc6 9. Nxc6 bxc6 10. Rb1 Be6 11. Bf3 Rb8 12. Bd2 d5 13. exd5 Nxd5 14. Nxd5 Bxd5 15. Bxd5 cxd5 16. c3 Qa5 17. a4 Qb6 18. b4 d4 19. a5 Qd6 20. c4 d3 21. Rb3 Rfd8 22. g3 e5 23. f3 f5 24. Rf2 e4 25. Bf4 Be5 26. fxe4 Bxf4 27. gxf4 fxe4 28. Rd2 Qxf4 29. Rg2 d2 30. Rb2 e3 31. Re2 Qg3+ 0-1

[Event "2011 SB-1"]
[Site "LSS email"]
[Date "2011.08.11"]
[Round "?"]
[White "Kohler, Dennis R"]
[Black "Ng, Willy C"]
[Result "0-1"]
[WhiteElo "1255"]
[BlackElo "1494"]
[PlyCount "46"]
[EventDate "2011.08.14"]
[EventType "tourn (corr)"]
[EventRounds "18"]
[EventCountry "GER"]
[SourceTitle "Telechess CBM 153"]
[Source "ChessBase"]
[SourceDate "2013.03.14"]
[SourceVersion "1"]
[SourceVersionDate "2013.03.14"]
[SourceQuality "1"]

1. e4 g6 2. d4 Bg7 3. c3 d6 4. Be2 Nf6 5. Nd2 0-0 6. Ngf3 b6 7. h3 Bb7 8. d5 Nbd7 9. 0-0 Nh5 10. c4 Nf4 11. Nb3 Nxe2+ 12. Qxe2 Ba6 13. Qc2 b5 14. c5 dxc5 15. Nxc5 Nxc5 16. Qxc5 b4 17. Rd1 Be2 18. Rd2 Bxf3 19. gxf3 Qd7 20. Qxb4 Qxh3 21. Qc5 Be5 22. f4 Bxf4 23. Rc2 Bh2+ 0-1

[Event "2011 SB-1"]
[Site "LSS email"]
[Date "2011.08.11"]
[Round "?"]
[White "Kohler, Dennis R"]
[Black "Thomas, Gerald K"]
[Result "0-1"]
[WhiteElo "1255"]
[BlackElo "1778"]
[PlyCount "60"]
[EventDate "2011.08.14"]
[EventType "tourn (corr)"]
[EventRounds "18"]
[EventCountry "GER"]
[SourceTitle "Telechess CBM 153"]
[Source "ChessBase"]
[SourceDate "2013.03.14"]
[SourceVersion "1"]
[SourceVersionDate "2013.03.14"]
[SourceQuality "1"]

1. e4 e6 2. Nc3 c5 3. Nf3 Nc6 4. d4 cxd4 5. Nxd4 Nf6 6. Be2 d6 7. Nf3 Be7 8. 0-0 0-0 9. Bc4 a6 10. a3 Qc7 11. h3 b5 12. Bb3 Bb7 13. Bg5 Rac8 14. Re1 h6 15. Bxf6 Bxf6 16. Rb1 Ne5 17. Nd4 Nc4 18. Bxc4 Qxc4 19. Nde2 Rfd8 20. Qd3 Qxd3 21. cxd3 d5 22. exd5 Bxd5 23. Rbc1 Bc6 24. f3 Rxd3 25. Kf2 Bh4+ 26. Ng3 f5 27. Rc2 f4 28. Rxe6 Bd5 29. Ree2 Bxg3+ 30. Kg1 Rcxc3 0-1

[Event "2011 SB-1"]
[Site "LSS email"]
[Date "2011.08.11"]
[Round "?"]
[White "Ng, Willy C"]
[Black "Kohler, Dennis R"]
[Result "1-0"]
[WhiteElo "1494"]
[BlackElo "1255"]
[PlyCount "37"]
[EventDate "2011.08.14"]
[EventType "tourn (corr)"]
[EventRounds "18"]
[EventCountry "GER"]
[SourceTitle "Telechess CBM 153"]
[Source "ChessBase"]
[SourceDate "2013.03.14"]
[SourceVersion "1"]
[SourceVersionDate "2013.03.14"]
[SourceQuality "1"]

1. e4 e5 2. Bc4 Nf6 3. Nf3 d5 4. exd5 Nxd5 5. Nxe5 Nc6 6. Nxc6 bxc6 7. 0-0 Be7 8. Re1 0-0 9. Nc3 Nxc3 10. bxc3 Rb8 11. Qe2 Bf6 12. Ba3 Be6 13. Bxf8 Qxf8 14. Bxe6 fxe6 15. Qxe6+ Kh8 16. g3 h6 17. Rab1 Rb6 18. Rxb6 cxb6 19. Qd7 1-0

[Event "2011-STP-1"]
[Site "LSS email"]
[Date "2011.03.23"]
[Round "?"]
[White "Anderson, Lawrence D"]
[Black "Kohler, Dennis R"]
[Result "1/2-1/2"]
[WhiteElo "1193"]
[BlackElo "1255"]
[PlyCount "66"]
[EventDate "2011.03.28"]
[EventType "tourn (corr)"]
[EventRounds "12"]
[EventCountry "GER"]
[SourceTitle "Telechess CBM 151"]
[Source "ChessBase"]
[SourceDate "2012.11.13"]
[SourceVersion "1"]
[SourceVersionDate "2012.11.13"]
[SourceQuality "1"]

1. e4 e5 2. Nf3 Nc6 3. Bb5 a6 4. Ba4 Nf6 5. 0-0 Be7 6. Re1 0-0 7. Bxc6 dxc6 8. Nxe5 Re8 9. Nf3 Bg4 10. d3 h6 11. Bf4 Nh7 12. h3 Bh5 13. Nc3 Bxf3 14. Qxf3 Rb8 15. Rad1 Bg5 16. h4 Bxf4 17. Qxf4 Qd6 18. Qxd6 cxd6 19. Na4 Nf6 20. Nb6 Re7 21. Re2 Rbe8 22. Nc4 Re6 23. f3 b5 24. Ne3 Nd7 25. Ng4 d5 26. Kf1 f5 27. Nh2 Nf6 28. Rde1 dxe4 29. dxe4 fxe4 30. Kf2 g5 31. hxg5 hxg5 32. Ng4 Nxg4+ 33. fxg4 Kf7 1/2-1/2

[Event "2011-STP-2"]
[Site "LSS email"]
[Date "2011.03.23"]
[Round "?"]
[White "Evans, Stanley W"]
[Black "Kohler, Dennis R"]
[Result "1/2-1/2"]
[WhiteElo "1107"]
[BlackElo "1255"]
[PlyCount "40"]
[EventDate "2011.03.28"]
[EventType "tourn (corr)"]
[EventRounds "12"]
[EventCountry "GER"]
[SourceTitle "Telechess CBM 151"]
[Source "ChessBase"]
[SourceDate "2012.11.13"]
[SourceVersion "1"]
[SourceVersionDate "2012.11.13"]
[SourceQuality "1"]

1. e4 Nc6 2. Nc3 e5 3. f4 Bc5 4. Nf3 d6 5. f5 Nf6 6. Bb5 0-0 7. Bxc6 bxc6 8. d3 h6 9. Qe2 Ba6 10. Be3 Bxe3 11. Qxe3 Re8 12. h3 d5 13. Ne2 d4 14. Qd2 Bb7 15. g4 Nh7 16. h4 f6 17. Ng3 c5 18. b3 Re7 19. 0-0-0 a5 20. a4 Rd7 1/2-1/2

[Event "2011-STP-1"]
[Site "LSS email"]
[Date "2011.03.23"]
[Round "?"]
[White "Kappel, Ray D"]
[Black "Kohler, Dennis R"]
[Result "1-0"]
[WhiteElo "1322"]
[BlackElo "1255"]
[PlyCount "47"]
[EventDate "2011.03.28"]
[EventType "tourn (corr)"]
[EventRounds "12"]
[EventCountry "GER"]
[SourceTitle "Telechess CBM 151"]
[Source "ChessBase"]
[SourceDate "2012.11.13"]
[SourceVersion "1"]
[SourceVersionDate "2012.11.13"]
[SourceQuality "1"]

1. b4 Nf6 2. Bb2 d5 3. Nf3 e6 4. a3 Be7 5. e3 a6 6. Be2 Nc6 7. 0-0 h6 8. d4 0-0 9. Nbd2 b5 10. Nb3 Bd7 11. Nc5 Ra7 12. Qd2 Re8 13. a4 Nxb4 14. Qxb4 Ne4 15. axb5 Nxc5 16. dxc5 Qb8 17. Qg4 f6 18. c6 Bc8 19. Bd4 Ra8 20. Qg6 Rf8 21. bxa6 e5 22. Rfb1 Bf5 23. Qxf5 exd4 24. Rxb8 1-0

[Event "2011-STP-2"]
[Site "LSS email"]
[Date "2011.03.23"]
[Round "?"]
[White "Kohler, Dennis R"]
[Black "Anderson, Lawrence D"]
[Result "1-0"]
[WhiteElo "1255"]
[BlackElo "1193"]
[PlyCount "75"]
[EventDate "2011.03.28"]
[EventType "tourn (corr)"]
[EventRounds "12"]
[EventCountry "GER"]
[SourceTitle "Telechess CBM 151"]
[Source "ChessBase"]
[SourceDate "2012.11.13"]
[SourceVersion "1"]
[SourceVersionDate "2012.11.13"]
[SourceQuality "1"]

1. d4 Nf6 2. d5 c6 3. Nc3 d6 4. h3 e5 5. dxe6 Bxe6 6. e4 g6 7. Nf3 Bg7 8. Bd3 0-0 9. 0-0 Nbd7 10. Bg5 Qc7 11. Re1 Rfe8 12. a3 a6 13. Rb1 Ne5 14. Nxe5 dxe5 15. Qd2 Rad8 16. Bxf6 Bxf6 17. Qe2 b5 18. b3 Qb6 19. b4 Be7 20. Rf1 Bg5 21. Rbd1 c5 22. bxc5 Qxc5 23. Nb1 Qd4 24. Bxb5 Qb6 25. Rxd8 Rxd8 26. Bd3 f5 27. Kh1 Qd4 28. exf5 Bxf5 29. Bxf5 gxf5 30. c3 Qc5 31. Qh5 Qe7 32. g3 Qf6 33. f4 exf4 34. gxf4 Bh6 35. Qf3 Kh8 36. Rg1 Qh4 37. c4 Bxf4 38. Qc3+ 1-0

[Event "2011-STP-2"]
[Site "LSS email"]
[Date "2011.03.23"]
[Round "?"]
[White "Kohler, Dennis R"]
[Black "Best, Herbert A"]
[Result "0-1"]
[WhiteElo "1255"]
[BlackElo "1700"]
[PlyCount "70"]
[EventDate "2011.03.28"]
[EventType "tourn (corr)"]
[EventRounds "12"]
[EventCountry "GER"]
[SourceTitle "Telechess CBM 151"]
[Source "ChessBase"]
[SourceDate "2012.11.13"]
[SourceVersion "1"]
[SourceVersionDate "2012.11.13"]
[SourceQuality "1"]

1. d4 Nf6 2. d5 g6 3. Nc3 Bg7 4. e4 0-0 5. Be2 e5 6. Nf3 d6 7. h3 Nbd7 8. 0-0 Nc5 9. Bg5 h6 10. Bh4 g5 11. Bg3 Nfxe4 12. Nxe4 Nxe4 13. Nh2 Nxg3 14. fxg3 f5 15. Bc4 e4 16. c3 Be5 17. g4 Bxh2+ 18. Kxh2 f4 19. Be2 Qf6 20. Rf2 Bd7 21. a4 Rae8 22. Qf1 Qe5 23. Kg1 c6 24. Re1 Qxd5 25. Bc4 Qxc4 26. Qxc4+ d5 27. Qb4 b6 28. Qb3 Be6 29. Qc2 Kg7 30. b3 Bg8 31. c4 Bh7 32. Qc3+ Kg8 33. cxd5 cxd5 34. Rd1 e3 35. Rf3 Be4 0-1

[Event "2011-STP-2"]
[Site "LSS email"]
[Date "2011.03.23"]
[Round "?"]
[White "Kohler, Dennis R"]
[Black "Holmquist, Marson C"]
[Result "0-1"]
[WhiteElo "1255"]
[BlackElo "532"]
[PlyCount "50"]
[EventDate "2011.03.28"]
[EventType "tourn (corr)"]
[EventRounds "12"]
[EventCountry "GER"]
[SourceTitle "Telechess CBM 151"]
[Source "ChessBase"]
[SourceDate "2012.11.13"]
[SourceVersion "1"]
[SourceVersionDate "2012.11.13"]
[SourceQuality "1"]

1. e4 e5 2. Nf3 Nc6 3. d4 exd4 4. Nxd4 Nxd4 5. Qxd4 b6 6. Nc3 Bc5 7. Qxg7 Qf6 8. Qxf6 Nxf6 9. Be3 Bb4 10. Bd4 Be7 11. Bc4 Bb7 12. Nd5 Nxd5 13. Bxh8 Nf4 14. f3 Nxg2+ 15. Kf2 0-0-0 16. Kxg2 Rxh8 17. Bxf7 Rf8 18. Bh5 Rg8+ 19. Kf2 Bc5+ 20. Ke1 Rg2 21. Bg4 Rxc2 22. Rb1 Bb4+ 23. Kf1 a5 24. e5 Kd8 25. h3 Ba6+ 0-1

[Event "2011-STP-1"]
[Site "LSS email"]
[Date "2011.03.23"]
[Round "?"]
[White "Kohler, Dennis R"]
[Black "Kappel, Ray D"]
[Result "0-1"]
[WhiteElo "1255"]
[BlackElo "1322"]
[PlyCount "50"]
[EventDate "2011.03.28"]
[EventType "tourn (corr)"]
[EventRounds "12"]
[EventCountry "GER"]
[SourceTitle "Telechess CBM 151"]
[Source "ChessBase"]
[SourceDate "2012.11.13"]
[SourceVersion "1"]
[SourceVersionDate "2012.11.13"]
[SourceQuality "1"]

1. e4 Nf6 2. Nc3 e5 3. Bc4 Bc5 4. Nf3 Nc6 5. a3 d6 6. h3 0-0 7. 0-0 Nd4 8. d3 Be6 9. Nd5 Nxd5 10. exd5 Bd7 11. c3 Nxf3+ 12. Qxf3 b5 13. Bb3 a5 14. c4 b4 15. Be3 a4 16. Bd1 Bxe3 17. fxe3 b3 18. Qg3 c6 19. Bg4 cxd5 20. Bxd7 Qxd7 21. cxd5 Qb5 22. e4 Qc5+ 23. Kh1 Qd4 24. Rf2 Rac8 25. Rb1 Rc2 0-1

[Event "2011-STP-2"]
[Site "LSS email"]
[Date "2011.03.23"]
[Round "?"]
[White "Thomas, Gerald K"]
[Black "Kohler, Dennis R"]
[Result "1-0"]
[WhiteElo "1186"]
[BlackElo "1255"]
[PlyCount "47"]
[EventDate "2011.03.28"]
[EventType "tourn (corr)"]
[EventRounds "12"]
[EventCountry "GER"]
[SourceTitle "Telechess CBM 151"]
[Source "ChessBase"]
[SourceDate "2012.11.13"]
[SourceVersion "1"]
[SourceVersionDate "2012.11.13"]
[SourceQuality "1"]

1. e4 d6 2. d4 Nf6 3. Nc3 a6 4. Nf3 Nc6 5. Be2 e6 6. a3 h6 7. Bf4 Be7 8. d5 exd5 9. exd5 Na7 10. 0-0 0-0 11. a4 Bd7 12. Re1 Bg4 13. Nd4 Bxe2 14. Qxe2 Nc8 15. Qf3 Nb6 16. Nf5 Re8 17. Bxh6 g6 18. Nxe7+ Rxe7 19. Bg5 Rxe1+ 20. Rxe1 Nbd7 21. Ne4 Kg7 22. Nxf6 Nxf6 23. Qc3 c5 24. Re4 1-0

[Event "VR-2010-0-00002"]
[Site "LSS email"]
[Date "2010.09.14"]
[Round "?"]
[White "Evans, Stanley W"]
[Black "Kohler, Dennis R"]
[Result "1-0"]
[WhiteElo "1120"]
[BlackElo "1255"]
[PlyCount "77"]
[EventDate "2010.09.13"]
[EventType "tourn (corr)"]
[EventRounds "10"]
[EventCountry "GER"]
[SourceTitle "Telechess CBM 147"]
[Source "ChessBase"]
[SourceDate "2012.03.16"]
[SourceVersion "1"]
[SourceVersionDate "2012.03.16"]
[SourceQuality "1"]

1. e4 e5 2. Bc4 Nf6 3. Nc3 Nc6 4. a3 h6 5. d3 Bc5 6. h3 a6 7. Nge2 0-0 8. 0-0 d6 9. Kh1 Nh7 10. f4 Be6 11. Nd5 Kh8 12. f5 Bd7 13. Qe1 Nd4 14. Ne3 Nxe2 15. Qxe2 b5 16. Ba2 Bc6 17. Nd5 f6 18. Bd2 Re8 19. Qh5 Bxd5 20. Bxd5 Rb8 21. Bf7 Re7 22. Bg6 Nf8 23. Bxh6 gxh6 24. Qxh6+ Nh7 25. g4 Qf8 26. Qh4 Qg7 27. Kg2 Be3 28. Bxh7 Qxh7 29. Qxf6+ Rg7 30. Rf3 Bg5 31. Qe6 Rf8 32. f6 Rgf7 33. Raf1 Qg6 34. Rf5 Bf4 35. Rh5+ Rh7 36. Rxh7+ Kxh7 37. Qd7+ Rf7 38. Qc6 Rxf6 39. Qxa6 1-0

[Event "VR-2010-0-00002"]
[Site "LSS email"]
[Date "2010.09.14"]
[Round "?"]
[White "Kohler, Dennis R"]
[Black "O'Keefe, Michael J"]
[Result "0-1"]
[WhiteElo "1255"]
[BlackElo "2192"]
[PlyCount "26"]
[EventDate "2010.09.13"]
[EventType "tourn (corr)"]
[EventRounds "10"]
[EventCountry "GER"]
[SourceTitle "Corr 2015"]
[Source "ChessBase"]
[SourceDate "2015.07.17"]
[SourceVersion "1"]
[SourceVersionDate "2015.07.17"]
[SourceQuality "1"]

1. e4 c5 2. Bc4 e6 3. Nc3 a6 4. Nf3 b5 5. Be2 b4 6. Nb1 Bb7 7. d3 d5 8. c3 dxe4 9. cxb4 exf3 10. Bxf3 Bxf3 11. Qxf3 Nd7 12. bxc5 Ne5 13. Qe4 Nxd3+ 0-1

[Event "VR-2010-0-00002"]
[Site "LSS email"]
[Date "2010.09.14"]
[Round "?"]
[White "Quirk, Michael"]
[Black "Kohler, Dennis R"]
[Result "1-0"]
[WhiteElo "1305"]
[BlackElo "1255"]
[PlyCount "39"]
[EventDate "2010.09.13"]
[EventType "tourn (corr)"]
[EventRounds "10"]
[EventCountry "GER"]
[SourceTitle "Telechess CBM 143"]
[Source "ChessBase"]
[SourceDate "2011.07.15"]
[SourceVersion "1"]
[SourceVersionDate "2011.07.15"]
[SourceQuality "1"]

1. e4 e5 2. Nf3 Nf6 3. Nxe5 d6 4. Nf3 Nxe4 5. d4 Be7 6. Bd3 d5 7. 0-0 0-0 8. c4 Nf6 9. Nc3 Nc6 10. h3 h6 11. c5 a6 12. a3 Be6 13. Re1 Nh7 14. Bc2 f5 15. Rxe6 Bf6 16. Nxd5 Kh8 17. Nf4 Re8 18. Ng6+ Kg8 19. Bb3 Nf8 20. Rxe8+ 1-0

[Event "VD-2010-0-00003"]
[Site "LSS email"]
[Date "2010.05.19"]
[Round "?"]
[White "Kohler, Dennis R"]
[Black "Henock, Roy J"]
[Result "0-1"]
[WhiteElo "1255"]
[BlackElo "1877"]
[PlyCount "70"]
[EventDate "2010.05.18"]
[EventType "tourn (corr)"]
[EventRounds "14"]
[EventCountry "GER"]
[SourceTitle "Telechess CBM 141"]
[Source "ChessBase"]
[SourceDate "2011.03.17"]
[SourceVersion "1"]
[SourceVersionDate "2011.03.17"]
[SourceQuality "1"]

1. e4 c6 2. d4 d5 3. Nc3 dxe4 4. Nxe4 Bf5 5. Ng3 Bg6 6. Be2 Nf6 7. c3 e6 8. Nf3 h6 9. Ne5 Bh7 10. 0-0 Nbd7 11. f4 c5 12. Be3 a6 13. Bf3 Qc7 14. Nxd7 Nxd7 15. dxc5 Bxc5 16. Qe2 0-0 17. Kh1 Rfd8 18. Ne4 Bxe3 19. Qxe3 e5 20. Be2 exf4 21. Rxf4 Re8 22. Bd3 g5 23. Rf2 f5 24. Re1 fxe4 25. Bc4+ Qxc4 26. b3 Qc5 27. Rfe2 Qxe3 28. Rxe3 Nc5 29. Rd1 Rad8 30. Rde1 Rd2 31. Kg1 Rxa2 32. c4 Rf8 33. R1e2 Rxe2 34. Rxe2 Nxb3 35. Rb2 Nc5 0-1

[Event "VD-2010-0-00002"]
[Site "LSS email"]
[Date "2010.03.02"]
[Round "?"]
[White "Kohler, Dennis R"]
[Black "Best, Herbert A"]
[Result "0-1"]
[WhiteElo "1255"]
[BlackElo "1700"]
[PlyCount "60"]
[EventDate "2010.03.01"]
[EventType "tourn (corr)"]
[EventRounds "6"]
[EventCountry "GER"]
[SourceTitle "Telechess CBM 141"]
[Source "ChessBase"]
[SourceDate "2011.03.17"]
[SourceVersion "1"]
[SourceVersionDate "2011.03.17"]
[SourceQuality "1"]

1. e4 e6 2. d4 d5 3. e5 c5 4. c3 cxd4 5. cxd4 Bb4+ 6. Bd2 Qa5 7. Nc3 Nc6 8. a3 Bxc3 9. Bxc3 Qc7 10. Nf3 Nge7 11. h3 Bd7 12. Be2 Rc8 13. 0-0 0-0 14. Rc1 f6 15. Bb5 Qb6 16. Bxc6 Bxc6 17. Re1 Ng6 18. Qd2 Qb3 19. Rc2 Ba4 20. Rcc1 Rc6 21. Bb4 Rfc8 22. Rxc6 Rxc6 23. Rc1 Rxc1+ 24. Qxc1 Qd1+ 25. Qxd1 Bxd1 26. Kf1 Bxf3 27. gxf3 fxe5 28. dxe5 Nxe5 29. Ke2 Kf7 30. Ke3 Nc4+ 0-1

[Event "LSS VD-2010-0-00002"]
[Site "LSS email"]
[Date "2010.03.02"]
[Round "?"]
[White "Kohler, Dennis R"]
[Black "Evans, Stanley W"]
[Result "0-1"]
[WhiteElo "1255"]
[BlackElo "1232"]
[PlyCount "38"]
[EventDate "2010.03.01"]
[EventType "tourn (corr)"]
[EventRounds "6"]
[EventCountry "GER"]
[SourceTitle "Corr 2013"]
[Source "ChessBase"]
[SourceDate "2012.11.12"]
[SourceVersion "1"]
[SourceVersionDate "2012.11.12"]
[SourceQuality "1"]
[WhiteTeam "US of America"]
[BlackTeam "US of America"]
[WhiteTeamCountry "USA"]
[BlackTeamCountry "USA"]

1. e4 e5 2. Nf3 f5 3. Nc3 Nc6 4. d3 Bb4 5. a3 Bxc3+ 6. bxc3 d6 7. Bb2 Nf6 8. c4 0-0 9. Be2 fxe4 10. dxe4 Be6 11. Nd2 Nd7 12. 0-0 Qe8 13. Nf3 Nc5 14. Bd3 Na5 15. Qe2 Qe7 16. h3 Rf7 17. Qd1 Raf8 18. Nh2 Nxc4 19. Bxc4 Bxc4 0-1

[Event "LSS SB-2009-0-00002"]
[Site "LSS email"]
[Date "2010.01.06"]
[Round "?"]
[White "Holmquist, Marson C"]
[Black "Kohler, Dennis R"]
[Result "1/2-1/2"]
[WhiteElo "663"]
[BlackElo "1255"]
[PlyCount "118"]
[EventDate "2009.11.09"]
[EventType "tourn (corr)"]
[EventRounds "6"]
[EventCountry "GER"]
[SourceTitle "Corr 2013"]
[Source "ChessBase"]
[SourceDate "2012.11.12"]
[SourceVersion "1"]
[SourceVersionDate "2012.11.12"]
[SourceQuality "1"]
[WhiteTeam "US of America"]
[BlackTeam "US of America"]
[WhiteTeamCountry "USA"]
[BlackTeamCountry "USA"]

1. d4 d5 2. e3 a6 3. c4 Nf6 4. Nf3 e6 5. Bd3 Nc6 6. cxd5 exd5 7. 0-0 Be7 8. Nc3 Be6 9. Re1 0-0 10. e4 h6 11. e5 Nh7 12. Qc2 Ng5 13. Nxg5 Bxg5 14. f4 Be7 15. f5 Nxd4 16. Qf2 Bxf5 17. Bxf5 Nxf5 18. Qxf5 Bg5 19. e6 Qf6 20. Qxf6 Bxf6 21. Nxd5 fxe6 22. Nxc7 Rac8 23. Nxe6 Rfe8 24. Bd2 Rc6 25. Nf4 Rxe1+ 26. Rxe1 Bxb2 27. Rb1 Bd4+ 28. Kh1 Bc3 29. Be3 b5 30. Nd5 Re6 31. Bf2 Re2 32. Bg3 Ba5 33. h3 Rxa2 34. Nb4 Bxb4 35. Rxb4 Kf7 36. Bd6 g6 37. Rf4+ Ke6 38. Rd4 Rc2 39. Bb4 Rc6 40. h4 h5 41. Kh2 Rc4 42. Rd6+ Kf5 43. Bd2 Rxh4+ 44. Kg1 Ra4 45. Rd5+ Ke6 46. Rd8 b4 47. Re8+ Kf7 48. Rb8 a5 49. Rb7+ Kg8 50. Kh2 Ra1 51. Ra7 b3 52. Bc3 Ra2 53. Rb7 a4 54. Rg7+ Kf8 55. Rxg6 a3 56. Rf6+ Ke7 57. Rb6 b2 58. Bb4+ Kf7 59. Bxa3 Rxa3 1/2-1/2